000 00747nam a2200217Ii 4500
003 JO-AjNU
008 230605s9999||||xx |||||||||||||| ||und||
017 _a2007/6/987
040 _aJO-AjNU
_bara
_erda
_cJO-AjNU
041 _aara
050 1 4 _aTD174 2007
100 3 _aالخفاف، عبدعلي/م مشارك ثعبان كاظم خضير ,
_eauthor
_930286
245 0 0 _aالطاقة وتلوث البيئة
250 _aط1
264 3 1 _aعمان:دار المسيرة للنشر والتوزيع،2007
300 _a128ص
336 _atext
_btxt
_2rdacontent
337 _aunmediated
_bn
_2rdamedia
338 _avolume
_bnc
_2rdacarrier
650 4 _aالعلوم الاجتماعية -مشاكل وخدمات البيئة
_930287
999 _aA11988
_c15556
_d15556